000 00420nam a2200145Ia 4500
005 20251222143238.0
008 251222s9999||||xx |||||||||||||| ||spa||
020 _a8472392473
082 _a308/G68
100 _aGómez Ortega, Casimiro
245 0 _aInstrucción sobre el modo más Seguro y Económico de Transportar Plantas Vivas
250 _a1ra.ed.
264 _bFundación de Ciencias de la Salud
942 _cLIB
999 _c14460
_d14460